000 00335nam a2200121Ia 4500
008 230907s9999||||xx |||||||||||||| ||und||
082 _a621.47
_bSEN
100 _aŞen, Zekâi.
_9115068
245 0 _aSolar energy fundamentals and modeling techniques :
260 _aSpringer,
_bLondon :
_c2008
300 _axii, 276 p. :
942 _cBK
999 _c597445
_d597445